De buurt van Sint Jan, (Record no. 6095)
[ view plain ]
| 000 -LEADER | |
|---|---|
| fixed length control field | 00514cam a22001931 4500 |
| 001 - CONTROL NUMBER | |
| control field | af 48004531 |
| 003 - CONTROL NUMBER IDENTIFIER | |
| control field | DLC |
| 005 - DATE AND TIME OF LATEST TRANSACTION | |
| control field | 20260227110908.0 |
| 008 - FIXED-LENGTH DATA ELEMENTS--GENERAL INFORMATION | |
| fixed length control field | 890505s1944 be 000 1 dut c |
| 010 ## - LIBRARY OF CONGRESS CONTROL NUMBER | |
| LC control number | af 48004531 |
| 035 ## - SYSTEM CONTROL NUMBER | |
| System control number | (OCoLC)19666557 |
| 040 ## - CATALOGING SOURCE | |
| Original cataloging agency | California. Univ. Libr. |
| Transcribing agency | CU |
| Modifying agency | DLC |
| 042 ## - AUTHENTICATION CODE | |
| Authentication code | premarc |
| 050 00 - LIBRARY OF CONGRESS CALL NUMBER | |
| Classification number | PT6436.L43 |
| Item number | B8 |
| 100 1# - MAIN ENTRY--PERSONAL NAME | |
| Personal name | Leynen, Hubert, |
| Dates associated with a name | 1909- |
| 245 13 - TITLE STATEMENT | |
| Title | De buurt van Sint Jan, |
| Remainder of title | roman. |
| 260 ## - PUBLICATION, DISTRIBUTION, ETC. | |
| Place of publication, distribution, etc. | Antwerpen, |
| Name of publisher, distributor, etc. | Uitgeverij Ons Volk |
| Date of publication, distribution, etc. | [1944] |
| 300 ## - PHYSICAL DESCRIPTION | |
| Extent | 155 p. |
| Dimensions | 18 cm. |
No items available.